এ ডিকশনারি অব প্র্যাক্টিক্যাল মেটেরিয়া মেডিকা / (Record no. 60027)
[ view plain ]
| 000 -LEADER | |
|---|---|
| fixed length control field | 01392nam a2200301 a 4500 |
| 001 - CONTROL NUMBER | |
| control field | 60027 |
| 003 - CONTROL NUMBER IDENTIFIER | |
| rucl marc code | BD-RjUL |
| 005 - DATE AND TIME OF LATEST TRANSACTION | |
| control field | 20211209080809.0 |
| 008 - FIXED-LENGTH DATA ELEMENTS--GENERAL INFORMATION | |
| fixed length control field | 161228s2007 bg ||||| ||||o000 0 ben d |
| 020 ## - INTERNATIONAL STANDARD BOOK NUMBER | |
| International Standard Book Number | 9840745905 |
| Terms of availability | : Tk 360.00 |
| 035 ## - SYSTEM CONTROL NUMBER | |
| System control number | (BD-RjUL)60151 |
| 040 ## - CATALOGING SOURCE | |
| Original cataloging agency | BD-RjUL |
| Language of cataloging | ben |
| Transcribing agency | BD-RjUL |
| 041 ## - LANGUAGE CODE | |
| Language code of text/sound track or separate title | ben |
| 082 ## - DEWEY DECIMAL CLASSIFICATION NUMBER | |
| Edition number | 23 |
| Classification number | 615.53203 |
| Author mark and year | CLD 2007 |
| 100 ## - MAIN ENTRY--PERSONAL NAME | |
| Personal name | ক্লার্ক, জন হেনরি |
| 9 (RLIN) | 181597 |
| 245 00 - TITLE STATEMENT | |
| Title | এ ডিকশনারি অব প্র্যাক্টিক্যাল মেটেরিয়া মেডিকা / |
| Statement of responsibility, etc. | জন হেনরি ক্লার্ক, অনুবাদ মো. আয়েন উদ্দিন বিশ্বাস |
| 260 ## - PUBLICATION, DISTRIBUTION, ETC. (IMPRINT) | |
| Place of publication, distribution, etc. | ঢাকা : |
| Name of publisher, distributor, etc. | বাংলা একাডেমী , |
| Date of publication, distribution, etc. | ২০০৭. |
| 300 ## - PHYSICAL DESCRIPTION | |
| Pagination | খন্ড ; |
| Size | ২৩ সেমি. |
| 490 ## - SERIES STATEMENT | |
| Volume/sequential designation | বা/এ ; |
| Series statement | ৪৫৮১ (V-1) |
| 505 0# - FORMATTED CONTENTS NOTE | |
| Formatted contents note | খন্ড ১ -- |
| 650 ## - SUBJECT ADDED ENTRY--TOPICAL TERM | |
| Topical term or geographic name as entry element | মেটেরিয়া মেডিকা |
| Form subdivision | অভিধান |
| 9 (RLIN) | 181598 |
| Topical term or geographic name as entry element | Meteria medica. |
| Form subdivision | Dictionaries |
| 9 (RLIN) | 181599 |
| Topical term or geographic name as entry element | হোমিওপ্যাথী |
| Form subdivision | অভিধান |
| 9 (RLIN) | 176641 |
| Topical term or geographic name as entry element | Homeopathy |
| Form subdivision | Dictionaries |
| 9 (RLIN) | 181606 |
| 700 ## - ADDED ENTRY--PERSONAL NAME | |
| Personal name | বিশ্বাস, মোঃ আয়েন উদ্দিন, অনুবাদক |
| 830 ## - SERIES ADDED ENTRY--UNIFORM TITLE | |
| Uniform title | বা/এ ; |
| Volume number/sequential designation | ৪৫৮১ (V-1) |
| 942 ## - ADDED ENTRY ELEMENTS (KOHA) | |
| Source of classification or shelving scheme | Dewey Decimal Classification |
| Koha item type | Reference |
| Lost status | Source of classification or shelving scheme | Damaged status | Not for loan | Collection code | Permanent Location | Current Location | Shelving location | Date acquired | Source of acquisition | Cost, normal purchase price | Total Checkouts | Full call number | Date last seen | Copy number | Koha item type |
|---|---|---|---|---|---|---|---|---|---|---|---|---|---|---|---|
| Dewey Decimal Classification | Not For Loan | Reference | Central Library, University of Rajshahi | Central Library, University of Rajshahi | 20/08/2009 | Dhaka, Bangla Academy | 360.00 | BR 615.53203 CLD V-1 2007 | 28/12/2016 | C-1 | Reference |